[Event "HUN-chT2 Toth 0809"]
[White "Botka, Peter"]
[Black "Abel, Lajos"]
[Site "Hungary"]
[Round "10.4"]
[Result "1/2-1/2"]
[Date "2009.04.05"]
[WhiteElo "2172"]
[BlackElo "2315"]
[PlyCount "81"]
[EventDate "2008.10.26"]
[EventType "tourn"]
[EventRounds "11"]
[EventCountry "HUN"]
[SourceTitle "EXT 2010"]
[Source "ChessBase"]
[SourceDate "2010.11.25"]
[SourceVersion "1"]
[SourceVersionDate "2010.11.25"]
[SourceQuality "1"]
[WhiteTeam "Vasarhelyi"]
[BlackTeam "Toth Laszlo"]
[WhiteTeamCountry "HUN"]
[BlackTeamCountry "HUN"]

1. Nf3 c5 2. e4 d6 3. d4 cxd4 4. Nxd4 Nf6 5. Nc3 g6 6. Bc4 Bg7 7. h3 0-0 8. 0-0 Nc6 9. Be3 Bd7 10. Re1 Rc8 11. Bb3 Na5 12. Qd3 a6 13. Bg5 h6 14. Bh4 b5 15. Nd5 e6 16. Nxf6+ Bxf6 17. Bxf6 Qxf6 18. c3 Rfd8 19. Rad1 Be8 20. Qg3 Nc4 21. Bxc4 Rxc4 22. Nc2 Qe7 23. Qe3 Kg7 24. Rd4 Qc7 25. Qd2 Rxd4 26. Qxd4+ f6 27. Rd1 Bf7 28. Ne3 h5 29. a3 Qc6 30. f4 e5 31. fxe5 fxe5 32. Qd3 Qc5 33. Kh2 Bb3 34. Rd2 Rf8 35. Nd5 Rf2 36. Rxf2 Qxf2 37. Nc7 Qf4+ 38. Kh1 Qc1+ 39. Kh2 Qf4+ 40. Kh1 Qc1+ 41. Kh2 1/2-1/2

[Event "HUN-chT2 Toth 0809"]
[White "Borus, Andras"]
[Black "Botka, Peter"]
[Site "Hungary"]
[Round "1.3"]
[Result "1/2-1/2"]
[Date "2008.10.26"]
[WhiteElo "2110"]
[BlackElo "2172"]
[PlyCount "47"]
[EventDate "2008.10.26"]
[EventType "tourn"]
[EventRounds "11"]
[EventCountry "HUN"]
[SourceTitle "EXT 2010"]
[Source "ChessBase"]
[SourceDate "2010.11.25"]
[SourceVersion "1"]
[SourceVersionDate "2010.11.25"]
[SourceQuality "1"]
[WhiteTeam "Maroczy II"]
[BlackTeam "Vasarhelyi"]
[WhiteTeamCountry "HUN"]
[BlackTeamCountry "HUN"]

1. e4 c5 2. Nf3 d6 3. Nc3 Nc6 4. d3 g6 5. g3 Bg7 6. Bg2 e6 7. Be3 Nge7 8. Qd2 a6 9. 0-0 0-0 10. Bh6 Nd4 11. Bxg7 Nxf3+ 12. Bxf3 Kxg7 13. Bg2 Bd7 14. Nd1 Bc6 15. Ne3 d5 16. Ng4 f5 17. Qh6+ Kg8 18. Ne5 Qd6 19. Nxc6 Nxc6 20. c3 d4 21. exf5 exf5 22. Bxc6 Qxc6 23. cxd4 cxd4 24. Rac1 1/2-1/2

[Event "HUN-chT2 Toth 0708"]
[White "Berecz, Arpad"]
[Black "Botka, Peter"]
[Site "Hungary"]
[Round "8"]
[Result "1/2-1/2"]
[Date "2008.03.16"]
[WhiteElo "2097"]
[BlackElo "2175"]
[PlyCount "37"]
[EventDate "2007.10.14"]
[EventType "team-tourn"]
[EventRounds "11"]
[EventCountry "HUN"]
[SourceTitle "EXT 2009"]
[Source "ChessBase"]
[SourceDate "2008.11.26"]
[SourceVersion "1"]
[SourceVersionDate "2008.11.26"]
[SourceQuality "1"]
[WhiteTeam "Maroczy II"]
[BlackTeam "Vasarhelyi"]
[WhiteTeamCountry "HUN"]
[BlackTeamCountry "HUN"]

1. e4 c6 2. d4 g6 3. Nc3 d5 4. Be3 Bg7 5. Qd2 h5 6. h3 dxe4 7. Nxe4 Nh6 8. c3 Bf5 9. Nc5 Qc8 10. Nf3 Nd7 11. Nd3 Nf6 12. Ng5 Nd5 13. 0-0-0 Bxd3 14. Bxd3 Nf5 15. c4 Ndxe3 16. fxe3 Bh6 17. Bxf5 Qxf5 18. Nf3 0-0-0 19. Ne5 1/2-1/2

[Event "HUN-chT2 Toth 0708"]
[White "Fekete, Karoly"]
[Black "Botka, Peter"]
[Site "Hungary"]
[Round "7"]
[Result "1/2-1/2"]
[Date "2008.03.02"]
[WhiteElo "2140"]
[BlackElo "2175"]
[PlyCount "80"]
[EventDate "2007.10.14"]
[EventType "team-tourn"]
[EventRounds "11"]
[EventCountry "HUN"]
[SourceTitle "EXT 2009"]
[Source "ChessBase"]
[SourceDate "2008.11.26"]
[SourceVersion "1"]
[SourceVersionDate "2008.11.26"]
[SourceQuality "1"]
[WhiteTeam "Bajai"]
[BlackTeam "Vasarhelyi"]
[WhiteTeamCountry "HUN"]
[BlackTeamCountry "HUN"]

1. d4 Nf6 2. c4 e6 3. Nf3 b6 4. a3 Bb7 5. Nc3 d5 6. Bg5 Be7 7. e3 0-0 8. Bd3 Nbd7 9. 0-0 Re8 10. Qe2 c5 11. Rfd1 Ne4 12. Bf4 Nxc3 13. bxc3 Rc8 14. cxd5 exd5 15. Ba6 Bxa6 16. Qxa6 c4 17. Qxa7 Ra8 18. Qb7 Nf6 19. Bc7 Qd7 20. Qxb6 Ne4 21. Ne5 Qf5 22. Rf1 Nxc3 23. Qb2 Na4 24. Qb7 Qe6 25. f4 f5 26. Qc6 Qxc6 27. Nxc6 Bf8 28. Be5 Nc3 29. Kf2 Bxa3 30. Ke1 Kf7 31. Kd2 Ne4+ 32. Kc2 Bf8 33. Rfb1 Nf2 34. Rb7+ Kg6 35. Raa7 Rxa7 36. Rxa7 Ng4 37. Kd2 Rc8 38. Rxg7+ Bxg7 39. Ne7+ Kf7 40. Nxc8 Bf8 1/2-1/2

[Event "HUN-chT2 Toth 0708"]
[White "Kovacs, Adrian"]
[Black "Botka, Peter"]
[Site "Hungary"]
[Round "6"]
[Result "1/2-1/2"]
[Date "2008.02.17"]
[WhiteElo "2234"]
[BlackElo "2175"]
[PlyCount "24"]
[EventDate "2007.10.14"]
[EventType "team-tourn"]
[EventRounds "11"]
[EventCountry "HUN"]
[SourceTitle "EXT 2009"]
[Source "ChessBase"]
[SourceDate "2008.11.26"]
[SourceVersion "1"]
[SourceVersionDate "2008.11.26"]
[SourceQuality "1"]
[WhiteTeam "Takisz"]
[BlackTeam "Vasarhelyi"]
[WhiteTeamCountry "HUN"]
[BlackTeamCountry "HUN"]

1. c4 e5 2. g3 d5 3. Bg2 c6 4. cxd5 cxd5 5. Qb3 Ne7 6. Nc3 e4 7. d3 exd3 8. exd3 d4 9. Nce2 Nbc6 10. Nf3 Nf5 11. Ng5 Bb4+ 12. Kf1 Qe7 1/2-1/2

[Event "HUN-chT2 Toth 0708"]
[White "Botka, Peter"]
[Black "Kovacs, Laszlo2"]
[Site "Hungary"]
[Round "4"]
[Result "1/2-1/2"]
[Date "2007.12.09"]
[WhiteElo "2185"]
[BlackElo "2091"]
[PlyCount "66"]
[EventDate "2007.10.14"]
[EventType "team-tourn"]
[EventRounds "11"]
[EventCountry "HUN"]
[SourceTitle "EXT 2009"]
[Source "ChessBase"]
[SourceDate "2008.11.26"]
[SourceVersion "1"]
[SourceVersionDate "2008.11.26"]
[SourceQuality "1"]
[WhiteTeam "Vasarhelyi"]
[BlackTeam "Mezobereny"]
[WhiteTeamCountry "HUN"]
[BlackTeamCountry "HUN"]

1. Nf3 d5 2. d4 Nf6 3. Bg5 e6 4. e3 c5 5. Nbd2 Nc6 6. c3 Be7 7. Bd3 h6 8. Bh4 a6 9. 0-0 c4 10. Bc2 b5 11. Qe2 Bb7 12. Ne5 Qc7 13. f4 Rf8 14. e4 0-0-0 15. Nxc6 Bxc6 16. e5 Ne8 17. Bxe7 Qxe7 18. b3 g6 19. a4 h5 20. axb5 axb5 21. bxc4 bxc4 22. Ra5 Nc7 23. Rfa1 Kd7 24. Ba4 Bxa4 25. R1xa4 Ra8 26. Qd1 Rxa5 27. Rxa5 Rb8 28. Qa4+ Kd8 29. Ra7 Rb2 30. Qa5 Rb5 31. Qa4 Rb2 32. Qa5 Rb5 33. Qa4 Rb2 1/2-1/2

[Event "HUN-chT2 Toth 0607"]
[White "Botka, Peter"]
[Black "Rozsnyai, Tamas"]
[Site "Hungary"]
[Round "4"]
[Result "1/2-1/2"]
[Date "2006.12.17"]
[WhiteElo "2185"]
[BlackElo "2178"]
[PlyCount "21"]
[EventDate "2006.11.12"]
[EventType "team-tourn"]
[EventRounds "11"]
[EventCountry "HUN"]
[SourceTitle "EXT 2025"]
[Source "ChessBase"]
[SourceDate "2024.10.14"]
[SourceVersion "1"]
[SourceVersionDate "2024.10.14"]
[SourceQuality "1"]
[WhiteTeam "Vasarhelyi"]
[BlackTeam "Mako SVSE II"]
[WhiteTeamCountry "HUN"]
[BlackTeamCountry "HUN"]

1. Nf3 Nf6 2. d4 g6 3. Bg5 Bg7 4. e3 b6 5. Nbd2 Bb7 6. Bc4 d5 7. Bd3 Nbd7 8. Qe2 c5 9. c3 Qc7 10. 0-0 0-0 11. Bf4 1/2-1/2

[Event "HUN-chT2 Toth 0506"]
[White "Botka, Peter"]
[Black "Kovacs, Jozef"]
[Site "Hungary"]
[Round "9"]
[Result "1/2-1/2"]
[Date "2006.03.19"]
[WhiteElo "2227"]
[BlackElo "2205"]
[PlyCount "23"]
[EventDate "2005.10.16"]
[EventType "team-tourn"]
[EventRounds "11"]
[EventCountry "HUN"]
[SourceTitle "EXT 2009"]
[Source "ChessBase"]
[SourceDate "2008.11.26"]
[SourceVersion "1"]
[SourceVersionDate "2008.11.26"]
[SourceQuality "1"]
[WhiteTeam "Vasarhelyi"]
[BlackTeam "Karcag"]
[WhiteTeamCountry "HUN"]
[BlackTeamCountry "HUN"]

1. e4 d6 2. d4 g6 3. Nc3 Bg7 4. Be3 Nd7 5. Be2 e5 6. Nf3 c6 7. dxe5 dxe5 8. 0-0 Qc7 9. Qd2 Ngf6 10. Rad1 0-0 11. Qd6 Qxd6 12. Rxd6 1/2-1/2

[Event "HUN-chT2 Maroczy 0405"]
[White "Botka, Peter"]
[Black "Bai, Attila"]
[Site "Hungary"]
[Round "9"]
[Result "1-0"]
[Date "2005.03.06"]
[WhiteElo "2224"]
[BlackElo "2217"]
[PlyCount "89"]
[EventDate "2004.09.26"]
[EventType "team-tourn"]
[EventRounds "11"]
[EventCountry "HUN"]
[SourceTitle "EXT 2008"]
[Source "ChessBase"]
[SourceDate "2007.11.25"]
[SourceVersion "1"]
[SourceVersionDate "2007.11.25"]
[SourceQuality "1"]
[WhiteTeam "Hodmezovasarhely"]
[BlackTeam "Edeleny"]
[WhiteTeamCountry "HUN"]
[BlackTeamCountry "HUN"]

1. d4 Nf6 2. Nf3 e6 3. Bg5 Be7 4. Nbd2 h6 5. Bh4 c5 6. c3 d5 7. e3 0-0 8. Bd3 b6 9. Ne5 Qc7 10. g4 Ba6 11. Bxa6 Nxa6 12. Rg1 cxd4 13. exd4 Nc5 14. g5 Nfe4 15. gxh6 Bxh4 16. Rxg7+ Kh8 17. Qg4 Bg5 18. Nxe4 Nxe4 19. Ng6+ fxg6 20. Rxc7 Bd2+ 21. Ke2 Rxf2+ 22. Kd1 Bg5 23. Qxe6 Raf8 24. Qe5+ R8f6 25. h4 Rd2+ 26. Kc1 Bxh6 27. Rf7 Re2+ 28. Kd1 Nxc3+ 29. bxc3 Rxe5 30. Rxf6 Rh5 31. Rxg6 Rxh4 32. Kc2 Bf4 33. Rag1 Be3 34. R1g2 b5 35. Rd6 b4 36. Rxd5 bxc3 37. Kxc3 Rh3 38. Kc4 Bc1 39. Rd8+ Kh7 40. Rd7+ Kh8 41. Rxa7 Rh4 42. Rag7 Bb2 43. Rg8+ Kh7 44. R2g7+ Kh6 45. Rh8+ 1-0

[Event "HUN-chT2 Maroczy 0304"]
[White "Botka, Peter"]
[Black "Seres, Bela"]
[Site "Hungary"]
[Round "2"]
[Result "1/2-1/2"]
[Date "2003.10.05"]
[WhiteElo "2224"]
[BlackElo "2284"]
[PlyCount "40"]
[EventDate "2003.09.28"]
[EventType "team-tourn"]
[EventRounds "11"]
[EventCountry "HUN"]
[SourceTitle "EXT 2005"]
[Source "ChessBase"]
[SourceDate "2004.11.15"]
[SourceVersion "1"]
[SourceVersionDate "2004.11.15"]
[SourceQuality "1"]

1. e4 c5 2. Nf3 g6 3. c4 Nc6 4. d4 Bg7 5. d5 Nd4 6. Nc3 e5 7. Nxd4 cxd4 8. Nb5 Nf6 9. Nd6+ Ke7 10. Nxc8+ Rxc8 11. Bd3 Re8 12. 0-0 Kf8 13. b4 Kg8 14. Qa4 a6 15. c5 Nh5 16. g3 f5 17. f3 Rf8 18. Bd2 Bf6 19. exf5 Bg5 20. Qd1 Bxd2 1/2-1/2

[Event "HUN-chT2 Maroczy 0203"]
[White "Botka, Peter"]
[Black "Kormos, Lajos"]
[Site "Hungary"]
[Round "10.9"]
[Result "1/2-1/2"]
[Date "2003.04.06"]
[WhiteElo "2209"]
[BlackElo "2114"]
[PlyCount "32"]
[EventDate "2002.09.22"]
[EventType "team-tourn"]
[EventRounds "11"]
[EventCountry "HUN"]
[SourceTitle "EXT 2004"]
[Source "ChessBase"]
[SourceDate "2003.11.25"]
[SourceVersion "1"]
[SourceVersionDate "2003.11.25"]
[SourceQuality "1"]
[WhiteTeam "Vasarhelyi"]
[BlackTeam "Metroepszolg"]
[WhiteTeamCountry "HUN"]
[BlackTeamCountry "HUN"]

1. d4 Nf6 2. Nf3 e6 3. Bg5 Be7 4. Nbd2 d5 5. e3 Nbd7 6. Bd3 b6 7. Ne5 Nxe5 8. dxe5 Nd7 9. Bxe7 Qxe7 10. f4 Bb7 11. Qg4 g5 12. 0-0-0 0-0-0 13. Qe2 Nc5 14. Nf3 gxf4 15. exf4 Nxd3+ 16. Qxd3 c5 1/2-1/2

[Event "HUN-chT2 Maroczy 0203"]
[White "Botka, Peter"]
[Black "Hetenyi, Geza"]
[Site "Hungary"]
[Round "6.7"]
[Result "1/2-1/2"]
[Date "2003.02.02"]
[WhiteElo "2209"]
[BlackElo "2211"]
[PlyCount "20"]
[EventDate "2002.09.22"]
[EventType "team-tourn"]
[EventRounds "11"]
[EventCountry "HUN"]
[SourceTitle "EXT 2004"]
[Source "ChessBase"]
[SourceDate "2003.11.25"]
[SourceVersion "1"]
[SourceVersionDate "2003.11.25"]
[SourceQuality "1"]
[WhiteTeam "Vasarhelyi"]
[BlackTeam "Dunaharaszti"]
[WhiteTeamCountry "HUN"]
[BlackTeamCountry "HUN"]

1. d4 e6 2. Nf3 Nf6 3. Bg5 Be7 4. e3 b6 5. Bd3 Bb7 6. Nbd2 0-0 7. Qe2 d5 8. Ne5 Nbd7 9. Nxd7 Nxd7 10. Bxe7 Qxe7 1/2-1/2

[Event "HUN-chT3 9900"]
[White "Botka, Peter"]
[Black "Andor, Laszlo"]
[Site "Hungary"]
[Round "9"]
[Result "1-0"]
[Date "2000.03.05"]
[WhiteElo "2160"]
[BlackElo "2182"]
[PlyCount "83"]
[EventDate "1999.09.26"]
[EventType "team-tourn"]
[EventRounds "11"]
[EventCountry "HUN"]
[SourceTitle "EXT 2002"]
[Source "ChessBase"]
[SourceDate "2001.11.25"]
[SourceVersion "1"]
[SourceVersionDate "2001.11.25"]
[SourceQuality "1"]

1. e4 c6 2. Nc3 g6 3. Bc4 Bg7 4. Qf3 e6 5. d3 d6 6. Nge2 Nd7 7. d4 d5 8. Bb3 h6 9. Bf4 Nb6 10. 0-0-0 Ne7 11. Be5 Kf8 12. Nf4 Kg8 13. Bxg7 Kxg7 14. g4 Ng8 15. e5 Qe7 16. Nce2 a5 17. c3 a4 18. Bc2 Nc4 19. Qd3 b5 20. a3 Ba6 21. Qg3 Rc8 22. Nd3 Rc7 23. Nc5 Bc8 24. f4 Kf8 25. h4 Qe8 26. f5 Ne7 27. fxg6 Nxg6 28. h5 Ne7 29. Rdf1 Rg8 30. Nf4 Nf5 31. Bxf5 exf5 32. e6 Re7 33. exf7 Kxf7 34. Ng6 Re3 35. Qf4 Kg7 36. gxf5 Re2 37. f6+ Kf7 38. Qc7+ Bd7 39. Qxd7+ Qxd7 40. Nxd7 Rge8 41. Nde5+ Nxe5 42. Nxe5+ 1-0

[Event "HUN-chT3 9900"]
[White "Haragos, Kalman"]
[Black "Botka, Peter"]
[Site "Hungary"]
[Round "6"]
[Result "1/2-1/2"]
[Date "2000.01.23"]
[WhiteElo "2130"]
[BlackElo "2160"]
[PlyCount "48"]
[EventDate "1999.09.26"]
[EventType "team-tourn"]
[EventRounds "11"]
[EventCountry "HUN"]
[SourceTitle "EXT 2002"]
[Source "ChessBase"]
[SourceDate "2001.11.25"]
[SourceVersion "1"]
[SourceVersionDate "2001.11.25"]
[SourceQuality "1"]

1. d4 Nf6 2. Nf3 g6 3. Bg5 Bg7 4. Nbd2 d5 5. e3 0-0 6. Be2 h6 7. Bh4 c5 8. c3 Qb6 9. Qb3 c4 10. Qxb6 axb6 11. 0-0 Bf5 12. Ne5 g5 13. Bg3 Nc6 14. h3 b5 15. Nxc6 bxc6 16. Be5 Nd7 17. Bxg7 Kxg7 18. f4 gxf4 19. exf4 Nf6 20. a3 Ne4 21. Nf3 Ng3 22. Rf2 Ne4 23. Rff1 Ng3 24. Rf2 Ne4 1/2-1/2

[Event "HUN-chT3"]
[White "Magyari, Sandor"]
[Black "Botka, Peter"]
[Site "Hungary"]
[Round "?"]
[Result "0-1"]
[Date "1992.??.??"]
[WhiteElo "2125"]
[BlackElo "2125"]
[PlyCount "122"]
[EventDate "1992.??.??"]
[EventType "team-tourn"]
[EventRounds "5"]
[EventCountry "HUN"]
[SourceTitle "EXT 2001"]
[Source "ChessBase"]
[SourceDate "2000.11.22"]
[SourceVersion "1"]
[SourceVersionDate "2000.11.22"]
[SourceQuality "1"]

1. e4 c5 2. Nf3 d6 3. d4 cxd4 4. Nxd4 Nf6 5. Nc3 g6 6. Be3 Bg7 7. f3 0-0 8. Bc4 Nc6 9. Bb3 Bd7 10. Qd2 Ne5 11. 0-0-0 Rc8 12. h4 Nc4 13. Bxc4 Rxc4 14. Kb1 Re8 15. h5 Nxh5 16. g4 Nf6 17. Qh2 Rxc3 18. bxc3 Qa5 19. Rd3 Rc8 20. Nb3 Qb5 21. Bd4 a5 22. Kc1 a4 23. Nd2 a3 24. c4 Qa4 25. g5 Nh5 26. Bxg7 Kxg7 27. Rb3 b5 28. c3 bxc4 29. Rb4 Qa5 30. f4 d5 31. Qf2 Qc5 32. Qxc5 Rxc5 33. exd5 Nxf4 34. Rxc4 Nd3+ 35. Kc2 Rxd5 36. Rd4 Rxd4 37. cxd4 Nf2 38. Rh4 Be6 39. Rf4 Nh3 40. Rf3 Nxg5 41. Rxa3 h5 42. Ra7 h4 43. Kd3 h3 44. Nf1 Nf3 45. Ke3 h2 46. Ng3 Nh4 47. Kf2 Bd5 48. Rxe7 Nf5 49. Nxf5+ gxf5 50. Re1 Kf6 51. a4 Kg5 52. a5 h1Q 53. Rxh1 Bxh1 54. a6 Bd5 55. a7 f4 56. Kf1 Kg4 57. Kf2 f6 58. Kf1 Kg3 59. Kg1 f3 60. a8Q Bxa8 61. d5 Bxd5 0-1